Southville International School and Colleges
Your cart is empty.
  • Cart
  • Lists
    Public lists list_1 View all
    Your lists Log in to create your own lists
  • Log in to your account
  • Your cookies
  • Search history
Southville International School and Colleges
  • Advanced search
  • Recent comments
  • Most popular
  • Libraries

Log in to your account

Log in with GOOGLE


If you do not have an external account, but do have a local account, you can still log in:

  1. Home
  2. MARC view: The giraffe and the Pelly and me.
Normal view MARC view ISBD view

The giraffe and the Pelly and me. (Record no. 110651)

[ view plain ]
MARC details
000 -LEADER
fixed length control field 00373nam a2200157 a 4500
001 - CONTROL NUMBER
control field 4144
003 - CONTROL NUMBER IDENTIFIER
control field mo
005 - DATE AND TIME OF LATEST TRANSACTION
control field 20170314094812.0
008 - FIXED-LENGTH DATA ELEMENTS--GENERAL INFORMATION
fixed length control field 090317s19uu xx 00 eng d
050 ## - LIBRARY OF CONGRESS CALL NUMBER
Classification number TR
Item number D11 1983
100 ## - MAIN ENTRY--PERSONAL NAME
Personal name Dahl, Roald
245 ## - TITLE STATEMENT
Title The giraffe and the Pelly and me.
260 ## - PUBLICATION, DISTRIBUTION, ETC. (IMPRINT)
Place of publication, distribution, etc New York :
Name of publisher, distributor, etc Scholastic ,
Date of publication, distribution, etc 1985.
942 ## - ADDED ENTRY ELEMENTS (KOHA)
Source of classification or shelving scheme Dewey Decimal Classification
Koha item type Books
Holdings
Withdrawn status Lost status Damaged status Home library Current library Shelving location Date acquired Total Checkouts Full call number Barcode Date last seen Price effective from Koha item type
      Munich Library Munich Library Fiction Section 09/18/2010   FIC D11 1983 M1112 04/14/2014 04/14/2014 Books

The giraffe and the Pelly and me.

APA

Dahl R., . (1985). The giraffe and the Pelly and me. New York: Scholastic.

Chicago

Dahl Roald, . 1985. The giraffe and the Pelly and me. New York: Scholastic.

Harvard

Dahl R., . (1985). The giraffe and the Pelly and me. New York: Scholastic.

MLA

Dahl Roald, . The giraffe and the Pelly and me. New York: Scholastic. 1985.

  • Place hold
  • Print
  • Cite
  • Add to your cart (remove)
  • Save record
    BIBTEX Dublin Core MARCXML MARC (non-Unicode/MARC-8) MARC (Unicode/UTF-8) MARC (Unicode/UTF-8, Standard) MODS (XML) RIS
  • More searches
    Search for this title in:
    Other Libraries (WorldCat) Other Databases (Google Scholar) Online Stores (Bookfinder.com) Open Library (openlibrary.org)

Exporting to Dublin Core...

SOUTHVILLE LIBRARY

Southville International School and Colleges Library

1281 Tropical Ave. Cor. Luxembourg St., BF Homes International, Las Pinas City

Tel. No. 8256374 / 252358 Loc. 117/146

Powered by Koha